The Struggle For Narmada / (Record no. 195306)

MARC details
000 -LEADER
fixed length control field 00647nam a22002177a 4500
005 - DATE AND TIME OF LATEST TRANSACTION
control field 20230317115743.0
010 ## - LCCN (DPL NO)
LC control number ENG-136458
020 ## - INTERNATIONAL STANDARD BOOK NUMBER
Terms of availability 778.00
International Standard Book Number 9789354422973
035 ## - SYSTEM CONTROL NUMBER
System control number EN-119990
037 ## - SOURCE OF ACQUISITION
Source of stock number/acquisition DBAD/PUB
082 ## - DEWEY DECIMAL CLASSIFICATION NUMBER
Classification number 333.913095479
100 ## - MAIN ENTRY--PERSONAL NAME
Personal name Oza, Nandini
245 ## - TITLE STATEMENT
Title The Struggle For Narmada /
Statement of responsibility, etc By Nandini Oza
260 ## - PUBLICATION, DISTRIBUTION, ETC. (IMPRINT)
Name of publisher, distributor, etc Orient Blackswan Pvt LTD
Place of publication, distribution, etc Telengana
Date of publication, distribution, etc 2022
270 ## - ADDRESS
Address 3-6-752 Himayatnagar
City Hyderabad
Postal code 500029
300 ## - PHYSICAL DESCRIPTION
Extent xliv273p.
Dimensions 21cm(pbk)
700 ## - ADDED ENTRY--PERSONAL NAME
Personal name Paranjape, Suhas
700 ## - ADDED ENTRY--PERSONAL NAME
Personal name Chowdhury, Indira
Relator term Forword
700 ## - ADDED ENTRY--PERSONAL NAME
Personal name Manorama, Swatija
942 ## - ADDED ENTRY ELEMENTS (KOHA)
Source of classification or shelving scheme Dewey Decimal Classification
Item type English Books
Classification part 333.913095479
Call number suffix NAN
Holdings
Withdrawn status Lost status Not for loan Collection code Home library Current library Date acquired Source of acquisition Cost, normal purchase price Full call number Barcode Copy number Koha item type
      Non-fiction Katevara Katevara 16/03/2023 DBAD/PUB 778.00 333.913095479 NAN EN-119990 1 English Books

© Delhi Public Library
Hit Counter
free hit counter